| 000 | 00725cam a2200217 a 4500 | ||
|---|---|---|---|
| 001 | 000014430 | ||
| 005 | 20200929163842.0 | ||
| 008 | 831228s1977 cr 000 0 spa | ||
| 040 |
_aDO-SdBNP _bspa _cLC _dBNPHU |
||
| 082 |
_a321.8098 _bA696d |
||
| 100 | 1 |
_aArias Sánchez, Oscar. _932556 |
|
| 245 | 1 | 0 |
_aDemocracia, independencia y sociedad latinoamericana / _cOscar Arias Sánchez. |
| 260 |
_aSan José, Costa Rica : _bCentro de Estudios CEDAL, _c1977. |
||
| 300 |
_a84 p. ; _c18 cm. |
||
| 490 | 1 |
_aCuadernos CEDAL, _v7 |
|
| 650 | 4 |
_aDemocracia _zAmérica Latina _931097 |
|
| 650 | 4 |
_aSocialismo _zAmérica Latina _932557 |
|
| 830 | 0 |
_aCuadernos CEDAL, _v7 _932558 |
|
| 910 | _aCatalogación por copia / LC | ||
| 049 | _aBNGR | ||
| 999 |
_c14020 _d14020 |
||